00689nam a2200241 a 4500001001300000003000900013005001700022008004100039020001000080082001600090100002300106245002500129260003600154300000800190500003500198505001300233650003100246700002300277902000800300942000700308952011700315999001500432nice12345678IN_TiNIC20260116012410.0050524s1969 cana grp 000 0 eng  ac10000a235.47bWHY aWhyte, H A Maxwell aDominion Over Demons aCanadabDeeper Life Booksc1969 a38p aincludes index and biblioraphy2 aAppendix aGood and Evil-Christianity1 aWhyte, H A Maxwell bSRS cBK 001040708StackRoom-aHMIbHMId2007-06-20g100.00l0o235.47 WHYp010940r2007-06-20v100.00w2005-05-24yBK c6864d6864